| 000 | 00778nam a22002177a 4500 | ||
|---|---|---|---|
| 999 |
_c4925 _d4925 |
||
| 003 | AR-CdUCM | ||
| 008 | 190311b ||||| |||| 00| 0 spa d | ||
| 040 |
_aMUNICIPALIDAD PROVINCIAL DEL CUSCO _cBIBLIOTECA MUNICIPAL DEL CUSCO |
||
| 082 |
_a985.2 / _bL66 |
||
| 245 |
_aFestival de Lima : _bArte y Biografia / |
||
| 260 |
_aLima : _bMercagraph, _c1959. |
||
| 300 |
_a147 páginas ; _bIlustraciones, _c17 cm. |
||
| 500 | _aDonación familia Luis Nieto | ||
| 505 | _aContenido: Casas y palacios -- La fuente de la plaza mayor -- Los plateros de Lima -- El primer corral de San Agustín... | ||
| 650 |
_aFestival Lima _915112 |
||
| 650 |
_aHistorias _92725 |
||
| 650 |
_aLas tapadas _915113 |
||
| 700 |
_aConcejo provincial de Lima _915114 |
||
| 942 |
_2ddc _cLIBROS |
||
| 945 | _adavv | ||